|
|
|
|
| LEADER |
00000nam0a2200000 4500 |
| 001 |
184442 |
| 005 |
20260417123651.0 |
| 010 |
|
|
|a 9785982985651
|
| 035 |
|
|
|a (RuTPU)RU\TPU\book\200024
|
| 090 |
|
|
|a 184442
|
| 100 |
|
|
|a 20100909d2009 m y0rusy50 ca
|
| 101 |
0 |
|
|a rus
|
| 102 |
|
|
|a RU
|
| 105 |
|
|
|a a j 001zy
|
| 200 |
1 |
|
|a Аналоговые измерительные устройства
|e учебное пособие
|f Д. В. Миляев
|g Томский политехнический университет (ТПУ)
|
| 210 |
|
|
|a Томск
|c Изд-во ТПУ
|d 2009
|
| 215 |
|
|
|a 251 с.
|c ил.
|
| 320 |
|
|
|a Библиогр.: с. 250.
|
| 330 |
|
|
|a В учебном пособии рассмотрены средства измерений электрических величин с позиции проектирования аналоговых измерительных устройств; теоретические вопросы структурных схем, расчеты их статических и динамических погрешностей. Широко представлены аналоговые электронные преобразователи и приборы. Кратко изложены вопросы проектирования приборов сравнения: мосты, компенсаторы. Приведены примеры контрольных заданий и их решения, расчета электронных схем приборов, проектирование основных преобразователей. Разработано в рамках реализации Инновационной образовательной программы ТПУ по направлению «Неразрушающий контроль» и предназначено для студентов, обучающихся по направлению 200100 «Приборостроение».
|
| 452 |
|
1 |
|0 (RuTPU)RU\TPU\book\230927
|t Аналоговые измерительные устройства
|o учебное пособие
|f Д. В. Миляев
|g Томский политехнический университет (ТПУ)
|c Томск
|n Изд-во ТПУ
|d 2009
|a Миляев, Дмитрий Васильевич
|
| 606 |
1 |
|
|a Электроизмерительные приборы, аналоговые
|2 stltpush
|3 (RuTPU)RU\TPU\subj\20007
|9 45154
|
| 610 |
1 |
|
|a аналоговые измерительные устройства
|
| 610 |
1 |
|
|a измерительные преобразователи
|
| 610 |
1 |
|
|a классификация
|
| 610 |
1 |
|
|a аналоговые сигналы
|
| 610 |
1 |
|
|a электромеханические приборы
|
| 610 |
1 |
|
|a магнитоэлектрические приборы
|
| 610 |
1 |
|
|a электронные аналоговые приборы
|
| 610 |
1 |
|
|a электронные вольтметры
|
| 610 |
1 |
|
|a электронные омметры
|
| 610 |
1 |
|
|a электронные ваттметры
|
| 610 |
1 |
|
|a электронные частотомеры
|
| 610 |
1 |
|
|a электронные фазометры
|
| 610 |
1 |
|
|a компенсаторы
|
| 610 |
1 |
|
|a мосты
|
| 610 |
1 |
|
|a учебные пособия
|
| 610 |
1 |
|
|a труды учёных ТПУ
|
| 675 |
|
|
|a 621.317.7(075.8)
|v 3
|
| 700 |
|
1 |
|a Миляев
|b Д. В.
|c специалист в области информационно-измерительной техники и неразрушающего контроля.
|c доцент Томского политехнического университета, кандидат технических наук
|f 1940-
|g Дмитрий Васильевич
|y Томск
|3 (RuTPU)RU\TPU\pers\26529
|9 12223
|
| 712 |
0 |
2 |
|a Томский политехнический университет (ТПУ)
|c (1991-2009)
|3 (RuTPU)RU\TPU\col\376
|
| 801 |
|
1 |
|a RU
|b 63413507
|c 20100909
|
| 801 |
|
2 |
|a RU
|b 63413507
|c 20211007
|g RCR
|
| 942 |
|
|
|c BK
|